000
00322nam a2200133Ia 4500
005
20251222153611.0
008
251222s9999||||xx |||||||||||||| ||spa||
082
_a
801/L95
100
_a
Lubich, Gino
245
0
_a
Juan XXIII
250
_a
1ra .ed
264
_b
Biblioteca ABC portagonistas de la historia
942
_c
LIB
999
_c
31622
_d
31622